000 00579nam a2200217 a 4500
001 52170
003 BD-RjUL
005 20211209075749.0
008 160905s1966 enka 000 0 eng
035 _a(BD-RjUL)52290
040 _aLC
_beng
_cLC
_dBD-RjUL
041 _aeng
082 0 4 _a530
_223
_bLAB 1966
110 _aBerkeley Physics Laboratory.
_9156054
245 1 0 _aLaboratory physics /
260 _aLondon :
_bHeinemann,
_cc1966
300 _aviii, 119 p.
_bill. ;
_c23 cm.
650 0 _aPhysics
_xLaboratory manuals.
_9156052
942 _2ddc
_cBK
999 _c52170
_d52170